Culture générale - numéro 6 - Statistiques

Statistiques générales
  • Ce quiz a été pris 162 fois
  • Le résultat moyen est 8 sur 15
Statistiques - réponses
Question Réponse % Correct
Quel pays à une superficie de 0,44km2? le Vatican
91%
Nom de la couche externe de la dent? Émail
81%
Combien possède t'on de chromosomes? 46
70%
Comment se nomme la femelle du sanglier? Laie
68%
Quelle est la mer qui borde l'Estonie, la Lettonie et la Lituanie? mer Baltique
68%
Quel est le plus grand désert d'Asie? le désert de Gobi
67%
Quel type d'arbre est le plus grand sur terre? Séquoia géant
62%
Qui est l'assassin d'Henri IV? Ravaillac
54%
Nom du supercontinent ayant existé jusqu'au début du jurassique? la Pangée
52%
Quel nom est donné à l'espèce hybride issue du lion et de la tigresse? Ligre
40%
Quelle femme a été la première à être chef du gouvernement? Edith Cresson
34%
Qui est l'auteur du livre l'Alchimiste? Paulo Coelho
29%
Quelle région autonome chinoise de l'Ouest est 2x plus grande que la France? le Tibet
25%
Quelle mer borde le Pakistan ou encore l'Oman? Mer d'Arabie
23%
Quel mot de 7 lettres est inscrit sur l'emblème d'Harvard? Veritas
5%
Aucun quiz correspondant
Distribution des résultats
% des personnes avec chaque résultat
Percentile par nombre de réponses
Votre historique - résultats
Vous n’avez pas pris ce quiz